Звичайний вигляд Перегляд у МАРК

Входження „Topical Term“

Кількість записів, які використовуються: 1

001 - CONTROL NUMBER

  • control field: 10452

003 - CONTROL NUMBER IDENTIFIER

  • control field: UA-OsUOA

005 - DATE AND TIME OF LATEST TRANSACTION

  • control field: 20240824154727.0

008 - FIXED-LENGTH DATA ELEMENTS

  • fixed length control field: 240824|| aca||aabn | a|a d

040 ## - CATALOGING SOURCE

  • Original cataloging agency: UA-OsUOA
  • Transcribing agency: UA-OsUOA

150 ## - HEADING--TOPICAL TERM

  • Topical term or geographic name as entry element: Measure theory

670 ## - SOURCE DATA FOUND

  • Source citation: Work cat.: (UA-OsUOA): Axler, Sheldon. author. aut http://id.loc.gov/vocabulary/relators/aut 10451, Measure, Integration & Real Analysis